| 000 | 00486nam a22001577a 4500 | ||
|---|---|---|---|
| 082 |
_a621.11 _bAJM |
||
| 100 |
_aAjmal, Nialish (361835) _9132411 |
||
| 245 | _aDevelopment of ZnO-PVDF Nanocomposite Coating for Passive Radiative Cooling / | ||
| 264 |
_aIslamabad : _bUSPCAS-E, NUST _cAugust, 2025 |
||
| 300 |
_axiv, 42 p. _e+CD |
||
| 520 | _aTH-678 | ||
| 650 |
_aMS TEE Thesis _9116575 |
||
| 650 |
_aMS Thesis _918721 |
||
| 700 |
_aSupervisor: Dr. Majid Ali _9116940 |
||
| 942 |
_2ddc _cTHE |
||
| 999 |
_c615606 _d615606 |
||